| 000 | 00870cam a22002892a 4500 | ||
|---|---|---|---|
| 999 |
_c8811 _d8811 |
||
| 001 | 8811 | ||
| 003 | BD - JhCC | ||
| 005 | 20180718200529.0 | ||
| 008 | 500101s1968 enkc 000 0beng d | ||
| 035 | _a(BD - JhCC)8811 | ||
| 040 |
_aDLC _cDLC _dOCL _dUKM _dEQO _dBD - JhCC |
||
| 041 | _aeng | ||
| 050 | 0 |
_aDD218 _b.E92 1968 |
|
| 082 | _a943.08/0924 | ||
| 082 |
_aB _bEYC 1968 |
||
| 100 | 1 |
_aEyck, Erich, _d1878-1964. |
|
| 245 | 1 | 0 |
_aBismarck and the German Empire / _cby Erich Eyck. |
| 250 | _a3rd ed | ||
| 260 |
_aLondon : _bAllen & Unwin, _c1968 |
||
| 300 |
_a[4], 327 p. : _bport.; _c22 cm |
||
| 490 | 1 |
_aUnwin university books ; _v63 |
|
| 500 | _a"A summary of [the author's] three-volume Bismarck, published in German." | ||
| 600 | 1 | 0 |
_aBismarck, Otto, _cFürst von, _d1815-1898. |
| 830 | 0 |
_aUnwin university books ; _v63 |
|
| 942 |
_2ddc _cBK |
||